000 02504nam a2200301Ia 4500
999 _c36815
_d36815
001 2758
003 GE_BSU
005 20190607204510.0
008 181216s2011||||ge |||||||||||||| ||geo||
020 _a9789941412882
040 _cGE_BSU
041 _ageo
080 _a332.2+338.43+346.9(479.22)(063) რ–46
245 _a"საქართველოში აგრარული პოლიტიკისა და სამართლებრივი რეგულირების პრობლემები თანამედროვე ეტაპზე", რესპუბლიკური სამეცნიერო-პრაქტიკული კონფერენცია (2011, ბათუმი) რესპუბლიკური სამეცნიერო-პრაქტიკული კონფერენცია "საქართველოში აგრარული პოლიტიკისა და სამართლებრივი რეგულირების პრობლემები თანამედროვე ეტაპზე" :
_bშრომების კრებული /
_cრედ. პაატა კოღუაშვილი.
264 _a ბათუმი :
_bშოთა რუსთაველის სახელმწ. უნ-ტის გამ-ბა
300 _a279 გვ. :
_bცხრ., სურ. ;
_c29 სმ.
500 _aზესათ.: შოთა რუსთაველის სახელმწ. უნ-ტი.
653 _aსაქართველოს აგრარული პოლიტიკა
653 _aმიწის სამართლებრივი რეგულირება საქართველოში
700 _aკოღუაშვილი, პაატა
_eავტორი
_92297
700 _aმესხიშვილი, ანზორ
_eავტორი
_92298
700 _aფუტკარაძე, ნუგზარ
_eავტორი
_9249
700 _aქათამაძე, დავით
_eავტორი
_92027
700 _aლიპარტელიანი, ნინო და სხვ.
_eავტორი
_92299
700 _aკოღუაშვილი, პაატა
_eრედაქტორი
_92300
710 _aშოთა რუსთაველის სახელმწ. უნ-ტი
_92301
942 _cBK
_2udc